000 01103cam a22003018a 4500
001 16342778
005 20100728123114.0
008 100721s2011 nju b 001 0 eng
020 _a0137011326
020 _a9780137011322
040 _aDLC
_cDLC
082 0 0 _a624.1513
_222
_bHOL
100 1 _aHoltz, R. D.
_q(Robert D.)
_929060
245 1 3 _aAn Introduction to Geotechnical Engineering /
_cRobert D. Holtz, William D. Kovacs, Thomas C. Sheahan.
250 _a2nd ed.
260 _aUpper Saddle River :
_bPrentice Hall,
_c2011.
263 _a1201
300 _a863 p. :
_bill. ;
_c24 cm.
504 _aIncludes bibliographical references and index.
650 0 _aSoil mechanics
_vTextbooks.
_929061
650 0 _aRock mechanics
_vTextbooks.
_929062
653 _bCiv
_cFebruary2012
700 1 _aKovacs, William D.
_929063
700 1 _aSheahan, Thomas C.
_929064
942 _2ddc
_cBB
999 _c16502
_d16502